| 000 | 00651nam a2200181Ia 4500 | ||
|---|---|---|---|
| 008 | 090123s9999 xx 000 0 und d | ||
| 082 |
_b1374 _a891.463/पाध्ये |
||
| 100 | _aपाध्ये भाऊ | ||
| 245 | _aबॅ.अनिरुध्द धोपेश्वरकर | ||
| 250 | _a1 | ||
| 260 |
_bआनंद मुद्रणालय _c1967 |
||
| 300 | _a132 | ||
| 600 | _aपाध्ये भाऊ | ||
| 630 | _aबॅ.अनिरुध्द धोपेश्वरकर | ||
| 700 | _aपाध्ये भाऊ | ||
| 730 | _aबॅ.अनिरुध्द धोपेश्वरकर | ||
| 942 | _cBOOK | ||
| 999 |
_c39456 _d39456 |
||